KOHA-Header-6

Concepts in Strategic Management and Business Policy (Record no. 144)

000 -LEADER
fixed length control field 00478nam a2200169Ia 4500
003 - CONTROL NUMBER IDENTIFIER
control field OSt
005 - DATE AND TIME OF LATEST TRANSACTION
control field 20190913162542.0
008 - FIXED-LENGTH DATA ELEMENTS--GENERAL INFORMATION
fixed length control field 190722s9999 xx 000 0 und d
020 ## - INTERNATIONAL STANDARD BOOK NUMBER
International Standard Book Number 9781292227290
028 ## - PUBLISHER NUMBER
Source Book World International Publisher
040 ## - CATALOGING SOURCE
Transcribing agency maju
Modifying agency maju
100 ## - MAIN ENTRY--PERSONAL NAME
Personal name Wheelen, Hunger
245 #0 - TITLE STATEMENT
Title Concepts in Strategic Management and Business Policy
260 ## - PUBLICATION, DISTRIBUTION, ETC. (IMPRINT)
Place of publication, distribution, etc New DElhi
Name of publisher, distributor, etc Pearson Dorling Kindersley (India)
Date of publication, distribution, etc 2011
300 ## - PHYSICAL DESCRIPTION
Extent 473 (I-11)
942 ## - ADDED ENTRY ELEMENTS (KOHA)
Koha item type Books
Source of classification or shelving scheme
Holdings
Withdrawn status Lost status Damaged status Not for loan Collection code Permanent Location Current Location Shelving location Date acquired Full call number Barcode Date last seen Price effective from Koha item type
        Management MAJU MAJU   2019-07-22 658.4012 6770 2019-07-22 2019-07-22 Management

Powered by Koha